Logistika a kvalita
Vzťah logistiky a kvality. Logistika a kvalita na podnikovej úrovni. Hodnotenie úrovne logistiky krajiny a porovnanie faktorov logistiky na podnikovej a národnej úrovni.
Na minha lista:
| Autor principal: | |
|---|---|
| Outros Autores: | |
| Formato: | Capítulo de Livro |
| Idioma: | eslovaco |
| Assuntos: | |
| Tags: |
Sem tags, seja o primeiro a adicionar uma tag!
|
MARC
| LEADER | 00000naa$a2200000$$$4500 | ||
|---|---|---|---|
| 001 | 0271746 | ||
| 005 | 20240502074304.0 | ||
| 041 | 0 | |a slo | |
| 044 | |a SK | ||
| 245 | 1 | 0 | |a Logistika a kvalita |c Jozef Gajdoš, Martin Mizla |
| 520 | |a Vzťah logistiky a kvality. Logistika a kvalita na podnikovej úrovni. Hodnotenie úrovne logistiky krajiny a porovnanie faktorov logistiky na podnikovej a národnej úrovni. | ||
| 610 | 2 | 0 | |a kvalita |
| 610 | 2 | 0 | |a logistika |
| 610 | 2 | 0 | |a podnik |
| 100 | 1 | |a Gajdoš, Jozef, 1962-2025 | |
| 700 | 1 | |a Mizla, Martin, 1955- | |